000
00286nam a2200109Ia 4500
008
200302s9999 xx 000 0 und d
100
_a
Franisek Sedlacek
245
_a
International Yearbook Award Winning Architecture
260
_b
Prestel Publishing
260
_c
1997
300
_a
264 P.,
999
_c
1170
_d
1170